000 00925naa a2200253 4500
005 2009060106436.0
008 090601t xxu||||| |||| 00| 0 eng d
010 _aENG-93812
020 _a9788182091825
_c300.00
020 _a8182091829
_c300.00
035 _aEN-77345
037 _bDBAD / PUB
040 _adpl
_bEnglish
082 _a621.815
100 _aGanesh Babu, K.
245 _aDesign of machine elements /
_cby K. Ganesh Babu [and] K. Srithar
260 _aNOIDA
_bMcGraw-Hill Education
_c2009
270 _aB-4, Sector-63, Dist., Gautam Budh Nagar
_bNOIDA
_e201301
300 _axiii, 544p.
_c24cm(pbk)
500 _aIncludes index
650 _aMachine design
942 _adpl
_cEN
_2ddc
_h621.815
_mGAN
999 _c27102
_d27102